000 00456cam a22002054a 4500
005 20250605164303.0
008 250528s ||||||||||||||||||||||||d
035 _a22170
020 _a9780452269347
040 _aGR-AtMCL
_bgre
_dGR-AtMCL
_eAACR2
245 1 _aQUARTET IN AUTUMN
250 _a1
260 _c1992
300 _a218
700 1 _aPlyme
_98034
700 1 _aPym Barbara
_98035
942 _cBK
999 _c7226
_d7226